Educación superior : Boletín informativo (Registro nro. 49419)
[ vista simple ]
| 000 -LÍDER | |
|---|---|
| Campo fijo de descripción fija | 00466nas a2200193Ia 4500 |
| 001 - NÚMERO DE CONTROL | |
| Campo de control | 82 |
| 008 - ELEMENTOS DE LONGITUD FIJA -- INFORMACIÓN GENERAL | |
| Campo fijo de descripción fija -- Información general | 151030s9999 xx 000 0 und d |
| 041 0# - CÓDIGO DE IDIOMA | |
| Código de idioma para texto/pista de sonido o título separado | |
| 245 10 - TÍTULO | |
| Título del Material | Educación superior : Boletín informativo |
| 260 ## - PUBLICACIÓN, DISTRIBUCIÓN, ETC. (PIE DE IMPRENTA) | |
| Lugar de publicación, distribución, etc. | Colombia : Ministerio de Educacion |
| 300 ## - DESCRIPCIÓN FÍSICA | |
| Extensión | No, 2 - |
| 541 ## - NOTA DE FUENTE INMEDIATA DE ADQUISICIÓN | |
| Purchase price | 0 |
| 591 ## - | |
| -- | FALSO |
| 592 ## - | |
| -- | varios |
| 942 ## - TIPO DE MATERIAL (KOHA) | |
| Tipo de Item KOHA | Revistas y Fascículos |
No hay ítems disponibles.
